[Event "ICS rated blitz match"]
[Site "204.178.125.65"]
[Date "1999.08.15"]
[Round "?"]
[White "Hossa"]
[Black "Talmoves"]
[Result "0-1"]
[WhiteElo "2507"]
[BlackElo "2511"]
[Annotator "Fritz 5.32 (15s)"]
[PlyCount "134"]
[EventDate "1999.??.??"]

1. d4 1... Nf6 {Opening = E31 - 4.Bg5 h6 5.Bh4 c5 6.d5 d6} 2. c4 e6 3. Nc3 Bb4
4. Bg5 h6 5. Bh4 c5 6. d5 d6 7. Rc1 e5 (7... Bxc3+ 8. Rxc3 g5 9. Bg3 Ne4 10.
Ra3 Qb6 11. Qb3 Qxb3 12. Rxb3 b5 13. e3 exd5 14. cxd5 a6 15. Nf3 c4 16. Rb4 Nf6
17. Bxc4 bxc4 18. Bxd6 Nbd7 19. Rxc4 Nb6 20. Rd4 Nfxd5 21. Bc5 Rb8 22. O-O Be6
23. Rfd1 Nd7 24. Ba3 Rc8 25. h3 N7b6 26. Nd2 f5 27. g4 fxg4 28. Ne4 Rc6 29.
Nd6+ Kd7 30. e4 Rxd6 31. Bxd6 Kxd6 32. exd5 Nxd5 33. hxg4 Rc8 34. Ra4 Rc6 35.
Ra5 Ke5 36. Kg2 Rc2 37. Kg3 Re2 38. Rxa6 Nf4 39. b3 Re4 40. Ra5+ Bd5 41. a4
Ne2+ 42. Kh3 Nd4 43. Rd3 h5 44. Rxd5+ Kxd5 45. gxh5 Rh4+ 46. Kg2 g4 47. Rd1
Rxh5 48. Kg3 Rh3+ 49. Kxg4 49... Rxb3 {
- Haba,P-Movsesian,S/Zlin 1997/CBM 61 (49)}) 8. f3 Nbd7 9. e4 $146 (9. e3 Nf8
10. Bd3 Ng6 11. Bxg6 fxg6 12. Nge2 g5 13. Bf2 g4 14. f4 exf4 15. exf4 O-O 16.
O-O Nh5 17. Be1 Bf5 18. a3 Ba5 19. Ng3 Nxg3 20. Bxg3 Qd7 21. Kh1 Rae8 22. Re1
Bd8 23. Qd2 Bf6 24. Rxe8 Rxe8 25. Re1 a6 26. Bf2 h5 27. Re3 Kf7 28. Ne2 h4 29.
b4 b6 30. Nc1 Rxe3 31. Bxe3 Qa4 32. Qe2 32... Qxa3 {
0-1 Simon,G-Cerisier,P/Rouen 1987/EXT 97 (32)}) 9... O-O 10. Bd3 Bxc3+ 11. Rxc3
Qa5 12. Qb3 Nb6 13. Bxf6 gxf6 14. Qa3 Qxa3 15. Rxa3 Kh7 16. Ne2 Rg8 17. O-O Bh3
18. Rf2 Bd7 19. f4 Kg7 20. Nc3 Kf8 21. fxe5 fxe5 22. Kf1 Ke7 23. Ra5 a6 24. Ra3
Rab8 25. Ke1 Bg4 26. h3 Bh5 27. g4 Bg6 28. Kd2 Nd7 29. b3 Nf6 30. Ra4 Rbf8 31.
a3 Ra8 32. b4 b6 33. Ke3 Rgb8 34. Rb2 h5 35. gxh5 Bxh5 36. bxc5 dxc5 37. Rb1
Nd7 38. Be2 Bxe2 39. Kxe2 Rh8 40. Rh1 Rh4 41. Kf3 Nf6 42. Ke3 a5 43. Rf1 Rxh3+
44. Rf3 Rxf3+ 45. Kxf3 Rh8 46. Ke3 Rh3+ 47. Kd2 Kd7 48. Kc2 Re3 49. Nd1 Rxe4
50. Nc3 Rd4 51. Kc1 Ne4 52. Nxe4 Rxe4 53. Kd2 f5 54. Kd3 Kd6 55. Kd2 f4 56. Kd3
Re3+ 57. Kd2 e4 58. Kd1 f3 59. Kd2 Re2+ 60. Kc3 f2 61. Rb4 axb4+ 62. Kb3 f1=Q
63. Ka4 Qa1 64. Kb5 Qxa3 65. Kxb6 Ra2 66. Kb7 Qa6+ 67. Kb8 Qa8# 0-1

[Event "ICS rated blitz match"]
[Site "204.178.125.65"]
[Date "1999.08.15"]
[Round "?"]
[White "ParalyseCabbage"]
[Black "Hossa"]
[Result "0-1"]
[WhiteElo "2079"]
[BlackElo "2491"]
[Annotator "Fritz 5.32 (15s)"]
[PlyCount "100"]
[EventDate "1999.??.??"]

1. e3 1... g6 {Opening = 1.---} 2. f4 d5 3. Nf3 3... Bf5 $146 (3... Bg4 4. c4 (
4. Be2 Bg7 (4... Bxf3 5. Bxf3 c6 6. O-O Bg7 7. d3 Nd7 8. Nd2 Qb6 9. Qe2 e5 10.
fxe5 Nxe5 11. Kh1 O-O-O 12. e4 dxe4 13. Nxe4 f5 14. Be3 Qc7 15. Nc5 Re8 16. a4
Nh6 17. Qd2 Nxf3 18. Rxf3 Ng4 19. Bg1 {
Baerwinkel,T-Schumacher,D/Fredeburg 1994/Juniors/0-1 (55)}) 5. O-O Nf6 6. c3
O-O 7. h3 Bxf3 8. Rxf3 Nbd7 9. Na3 c6 10. Nc2 Qc7 11. Qf1 e5 12. d3 e4 13. Rf2
exd3 14. Bxd3 Nc5 15. Ne1 Nxd3 16. Nxd3 Ne4 17. Rf3 f5 18. Nf2 18... Nd6 {
Stodola,J-Fiala,M/Policka 1997/EXT 98/0-1 (54)}) (4. h3 Bxf3 5. Qxf3 Bg7 6. c4
Nf6 7. Nc3 e6 8. Be2 c6 9. d4 dxc4 10. O-O Nbd7 11. Bxc4 Nb6 12. Be2 Nbd5 13.
e4 Nb4 14. Be3 Nc2 15. Rad1 Nxe3 16. Qxe3 O-O 17. Rd3 Qa5 18. Rb1 Rfd8 19. Kh1
Qc7 20. g4 Nd7 21. Rbd1 b6 22. e5 Rac8 23. Bf3 b5 24. Ne4 Bf8 25. Rc1 Nb6 26.
Nf6+ Kg7 27. Rxc6 Qb8 28. Rxc8 Rxc8 29. f5 Nc4 30. Qf2 g5 31. fxe6 fxe6 32. Be4
Qc7 33. Rc3 Qd8 34. Nh5+ Kg8 35. Bxh7+ Kxh7 36. Qf7+ Kh8 37. Nf6 {
1-0 Bender,E-Fahrion,G/VLNBaden 1993/GER (37)}) 4... Bxf3 5. Qxf3 c6 6. d4 Nf6
7. Nc3 e6 8. cxd5 cxd5 9. Bb5+ Nbd7 10. O-O Bg7 11. e4 dxe4 12. Nxe4 O-O 13.
Be3 Nd5 14. Bf2 a6 15. Be2 Qc7 16. g3 Rac8 17. Rfd1 Qb6 18. Nc3 {
Klicker,F-Ebner,W/Graz 1993/EXT 97/0-1 (40)}) 4. d4 Bg7 5. Bd3 Nh6 6. O-O O-O
7. Nbd2 c6 8. b3 Bxd3 9. cxd3 Nf5 10. Qe2 c5 11. Bb2 Nc6 12. g4 Nd6 13. Ne5
cxd4 14. Nxc6 bxc6 15. Bxd4 Bxd4 16. exd4 Qd7 17. h3 e6 18. Rac1 f6 19. Nf3
Rac8 20. b4 Rb8 21. a3 Rfe8 22. Rc2 Nb5 23. Ra1 Qd6 24. Qd2 Rb6 25. Rc5 Reb8
26. Kg2 Nc7 27. Rac1 Na6 28. Ra5 R8b7 29. h4 Nb8 30. g5 Rf7 31. Kg3 fxg5 32.
hxg5 a6 33. Ne5 Rf5 34. Rac5 Rb7 35. Qe3 Rb5 36. Rxb5 axb5 37. Rh1 Nd7 38. Kg4
Nxe5+ 39. dxe5 Qf8 40. Qa7 Rxf4+ 41. Kg3 Rf3+ 42. Kg2 Rf7 43. Qc5 Qxc5 44. bxc5
Rf5 45. d4 Rxg5+ 46. Kf3 Rf5+ 47. Ke3 Rf7 48. Ra1 Ra7 49. Kf4 Ra4 50. Kg5 50...
Kg7 $1 {logisch und kraftvoll} (50... Kg7 51. Rd1 h6+ 52. Kg4 52... Rxa3 $19) (
50... Rxd4 $6 {ist naheliegend und schlecht} 51. Kf6 $19) 0-1

[Event "ICS rated blitz match"]
[Site "204.178.125.65"]
[Date "1999.08.15"]
[Round "?"]
[White "Hossa"]
[Black "ParalyseCabbage"]
[Result "1-0"]
[WhiteElo "2494"]
[BlackElo "2076"]
[PlyCount "85"]
[EventDate "1999.??.??"]

1. d4 g6 2. c4 Bg7 3. Nf3 d6 4. e4 e6 5. Be2 Ne7 6. O-O b6 7. Nc3 Bb7 8. Bg5 h6
9. Bh4 Nd7 10. Bxe7 Qxe7 11. Qd3 O-O 12. Nd2 a6 13. Rad1 Rad8 14. f3 c5 15. Nb3
Nb8 16. Qe3 Kh7 17. Bd3 Nc6 18. d5 Nd4 19. Kh1 Nxb3 20. axb3 Bd4 21. Qd2 e5 22.
Ne2 Bc8 23. b4 Qh4 24. bxc5 bxc5 25. Nxd4 exd4 26. b4 f5 27. bxc5 dxc5 28. e5
f4 29. Qa5 Rde8 30. Qxc5 Bf5 31. Qxd4 Bxd3 32. Rxd3 Rf5 33. e6 Rh5 34. h3 Qg3
35. Qa7+ Kh8 36. Qf7 Rxh3+ 37. Kg1 Qh2+ 38. Kf2 Qg3+ 39. Ke2 Rb8 40. Qf6+ Kh7
41. gxh3 Rb2+ 42. Qxb2 Qg2+ 43. Rf2 {ParalyseCabbage resigns} 1-0

[Event "ICS rated blitz match"]
[Site "204.178.125.65"]
[Date "1999.08.15"]
[Round "?"]
[White "TheBorg"]
[Black "Hossa"]
[Result "0-1"]
[WhiteElo "2218"]
[BlackElo "2497"]
[PlyCount "130"]
[EventDate "1999.??.??"]

1. e4 c5 2. Nf3 d6 3. d4 cxd4 4. Nxd4 Nf6 5. Nc3 e5 6. Bb5+ Bd7 7. Bxd7+ Qxd7
8. Nf5 Nxe4 9. Nxg7+ Bxg7 10. Nxe4 d5 11. Nc5 Qc6 12. Nd3 Qg6 13. O-O Nc6 14.
a4 Rg8 15. a5 Bh8 16. Ne1 O-O-O 17. a6 b5 18. Ra3 f5 19. Rc3 Qe6 20. Qe2 b4 21.
Qb5 Rd6 22. Qxb4 Qd7 23. Qb5 e4 24. Rb3 Be5 25. Be3 d4 26. Bd2 Rg7 27. Qc5 Qe6
28. f4 Bf6 29. Qb5 h5 30. Bc1 h4 31. Rf2 Rdd7 32. Rf1 Bd8 33. Kh1 Bb6 34. Rh3
Rg4 35. Qe2 Qd5 36. Bd2 Re7 37. Bc1 Re6 38. Ra3 Ba5 39. h3 Rgg6 40. Rg1 Bb4 41.
Ra4 Rg3 42. c4 Qd8 43. Qh5 Qf6 44. Qd1 Bd6 45. Rf1 Re7 46. b3 Re6 47. Bb2 Re8
48. Kg1 Be7 49. Rf2 Bf8 50. Nc2 Rd8 51. b4 Qg6 52. b5 e3 53. Re2 d3 54. Nxe3
Bc5 55. Bc1 dxe2 56. Qxe2 Re8 57. Ra1 Rxh3 58. b6 Rexe3 59. b7+ Kb8 60. Bxe3
Bxe3+ 61. Qxe3 Rxe3 62. Kf2 Qg3+ 63. Kf1 Nd4 64. Rd1 h3 65. Rxd4 65... Re1# {
TheBorg checkmated} 0-1

[Event "ICS rated blitz match"]
[Site "204.178.125.65"]
[Date "1999.08.15"]
[Round "?"]
[White "NEONbot"]
[Black "Hossa"]
[Result "1-0"]
[WhiteElo "2275"]
[BlackElo "2502"]
[PlyCount "71"]
[EventDate "1999.??.??"]

1. c4 Nf6 2. d4 e6 3. Nc3 c6 4. Nf3 d5 5. Bg5 Be7 6. e3 O-O 7. Rc1 Ng4 8. Bxe7
Qxe7 9. h3 Nf6 10. Qb3 Ne4 11. Bd3 Nxc3 12. Rxc3 b6 13. cxd5 exd5 14. O-O Be6
15. Qa4 Kh8 16. Ne5 Qg5 17. Kh1 Qh4 18. Qc2 Bxh3 19. gxh3 Qxh3+ 20. Kg1 f5 21.
Re1 Rf6 22. e4 fxe4 23. Bxe4 Qh5 24. Bxd5 Rf8 25. Be4 Qg5+ 26. Rg3 Qh5 27. Bxh7
g5 28. Rh3 Qxh3 29. Nf7+ Rxf7 30. Re8+ Rf8 31. Rxf8+ Kg7 32. Rg8+ Kf6 33. Qg6+
Ke7 34. Rg7+ Kd8 35. Qd6+ Kc8 36. Qc7# {Hossa checkmated} 1-0

[Event "ICS rated blitz match"]
[Site "204.178.125.65"]
[Date "1999.08.15"]
[Round "?"]
[White "Hossa"]
[Black "NEONbot"]
[Result "0-1"]
[WhiteElo "2488"]
[BlackElo "2320"]
[PlyCount "114"]
[EventDate "1999.??.??"]

1. d4 Nf6 2. c4 e6 3. Nc3 d5 4. Bg5 Be7 5. e3 O-O 6. Nf3 Nbd7 7. Qc2 h6 8. Bxf6
Nxf6 9. Rd1 Bb4 10. Bd3 dxc4 11. Bxc4 Bd7 12. Ne5 Qe7 13. O-O Rfd8 14. a3 Bxc3
15. Qxc3 Ne4 16. Qc2 Nd6 17. e4 a6 18. Bd3 Bb5 19. f3 c6 20. Qf2 Qg5 21. Bxb5
cxb5 22. Rc1 Rac8 23. f4 Qf6 24. Rxc8 Rxc8 25. Re1 a5 26. Kh1 Qd8 27. Nf3 Qc7
28. Qd2 Nc4 29. Qc1 Qd8 30. Qa1 Qf8 31. Rc1 a4 32. Qb1 Qd6 33. g3 Rc7 34. Qc2
Rc6 35. Qf2 b4 36. axb4 Qxb4 37. d5 Rd6 38. Qd4 b5 39. Ne5 exd5 40. exd5 Qxb2
41. Qxb2 Nxb2 42. Rc8+ Kh7 43. Rc5 a3 44. Rc3 b4 45. Rc5 a2 46. Ra5 b3 47. Ra3
f6 48. Kg2 fxe5 49. fxe5 Rxd5 50. e6 Nc4 51. Ra4 b2 52. Rxc4 b1=Q 53. Rf4 Qc2+
54. Kh3 Qe2 55. e7 Rh5+ 56. Rh4 Qf1+ 57. Kg4 57... Rg5# {Hossa checkmated} 0-1

[Event "ICS rated blitz match"]
[Site "204.178.125.65"]
[Date "1999.08.15"]
[Round "?"]
[White "Hossa"]
[Black "NEONbot"]
[Result "1-0"]
[WhiteElo "2474"]
[BlackElo "2379"]
[PlyCount "100"]
[EventDate "1999.??.??"]

1. c4 e6 2. d4 Nf6 3. Bg5 h6 4. Bxf6 Qxf6 5. Nc3 g6 6. e4 Nc6 7. e5 Qf4 8. Nge2
Qh4 9. g3 Qh5 10. Bg2 Bb4 11. O-O Bxc3 12. Nxc3 Qxd1 13. Rfxd1 Rb8 14. f4 Ne7
15. Nb5 a6 16. Nxc7+ Kd8 17. d5 Kxc7 18. d6+ Kd8 19. dxe7+ Kxe7 20. Rd6 f6 21.
c5 Rf8 22. exf6+ Rxf6 23. h4 g5 24. fxg5 hxg5 25. h5 g4 26. Be4 b6 27. Rxb6
Rxb6 28. cxb6 d5 29. Rc1 Rf8 30. Bg2 Kd6 31. h6 e5 32. a3 Bf5 33. b4 Rb8 34.
Rf1 Bd3 35. Rf6+ Ke7 36. Rc6 d4 37. a4 e4 38. Rg6 e3 39. Rg7+ Kf6 40. Rxg4 Re8
41. Bf3 e2 42. Bxe2 Bxe2 43. Rxd4 Re7 44. a5 Kg5 45. Rh4 Bh5 46. Kf2 Re2+ 47.
Kf1 Re7 48. Kg2 Rh7 49. b5 Rxh6 50. b7 50... Rh8 {NEONbot resigns} 1-0

[Event "ICS Rated blitz match"]
[Site "204.178.125.65"]
[Date "1999.08.15"]
[Round "?"]
[White "Nothing"]
[Black "Hossa"]
[Result "0-1"]
[WhiteElo "2002"]
[BlackElo "2482"]
[Annotator "Fritz 5.32 (15s)"]
[PlyCount "28"]
[EventDate "1999.??.??"]

1. e4 1... c6 {Opening = B12 - 2.d4 d5 (3.e5)} 2. d4 d5 3. Nf3 (3. c4 dxe4 4.
Nc3 Nf6 5. Bg5 Bf5 6. Nge2 Nbd7 7. Ng3 Bg6 8. Qe2 Qa5 9. Qd2 e5 10. d5 Bb4 11.
dxc6 bxc6 12. Be2 Nc5 13. O-O Na4 14. Bxf6 gxf6 15. a3 Bxc3 16. bxc3 Rd8 17.
Qh6 17... Nxc3 {Donchev,D-Ermenkov,E/BUL-ch 1975/EXT 99/0-1 (28)}) 3... dxe4 4.
Ng5 4... Bf5 $146 (4... Nf6 5. Bc4 e6 6. Nc3 Nbd7 7. O-O h6 8. Ngxe4 Nxe4 9.
Nxe4 Nf6 10. Qd3 Be7 11. Be3 Qc7 12. Rad1 b6 13. f3 Bb7 14. Rfe1 Rd8 15. Bf2
O-O 16. Bg3 Qd7 17. h3 c5 18. c3 cxd4 19. cxd4 {
Nakamura,C-Schiller,E/Hawaii 1994/EXT 97/0-1 (52)}) 5. g4 Bg6 6. Nc3 Nf6 7. Bg2
e5 8. dxe5 Qxd1+ 9. Nxd1 Nxg4 10. e6 fxe6 11. Nxe6 Na6 12. Bf4 Nb4 13. Nd4 $2
$19 (13. Nc7+ $142 13... Kf7 14. O-O Nxc2 15. Rc1 $19) 13... c5 14. c3 $4 {
fuehrt zum raschen Untergang} (14. a3 cxd4 15. axb4 Bxb4+ 16. c3 $19) 14...
Nd3+ (14... Nd3+ 15. Kf1 15... cxd4 $19) 0-1

[Event "ICS rated blitz match"]
[Site "204.178.125.65"]
[Date "1999.08.15"]
[Round "?"]
[White "JudgeTurpin"]
[Black "Hossa"]
[Result "1-0"]
[WhiteElo "2593"]
[BlackElo "2484"]
[PlyCount "64"]
[EventDate "1999.??.??"]

1. e4 c5 2. Nf3 d6 3. d4 cxd4 4. Qxd4 Nc6 5. Bb5 Nf6 6. e5 Ng4 7. O-O Ngxe5 8.
Nxe5 dxe5 9. Bxc6+ bxc6 10. Qxe5 Qd5 11. Qg3 Bf5 12. Nc3 Qd7 13. Bg5 Bxc2 14.
Rac1 Bd3 15. Rfd1 Rd8 16. Ne4 f6 17. Nc5 Qf5 18. Bf4 Bb1 19. Rxd8+ Kxd8 20. Qb3
Ke8 21. Ne6 Kf7 22. Rxc6 Be4 23. Ng5+ Kg6 24. Qf7+ Kh6 25. Nxe4+ Qxf4 26. Rc3
Qg4 27. Rh3+ Qxh3 28. gxh3 g6 29. Nc5 Kh5 30. Ne6 Bh6 31. Qxe7 f5 32. f4 32...
Rg8 {Hossa resigns} 1-0

[Event "ICS rated blitz match"]
[Site "204.178.125.65"]
[Date "1999.08.15"]
[Round "?"]
[White "Hossa"]
[Black "NEONbot"]
[Result "1-0"]
[WhiteElo "2473"]
[BlackElo "2391"]
[PlyCount "113"]
[EventDate "1999.??.??"]

1. d4 d5 2. c4 e6 3. Nc3 Nf6 4. Bg5 Nbd7 5. e3 c6 6. cxd5 exd5 7. Bd3 Bd6 8.
Nge2 Nf8 9. Qa4 N8d7 10. Bf5 Nb6 11. Qc2 h6 12. Bh4 O-O 13. Bd3 Re8 14. Rc1 Bg4
15. f3 Bc8 16. e4 dxe4 17. fxe4 g5 18. Bg3 Bxg3+ 19. hxg3 Ng4 20. Qd2 Be6 21.
b3 Kg7 22. Bc2 Qe7 23. Qd3 c5 24. e5 Rh8 25. Qe4 Rad8 26. b4 cxb4 27. Nb5 Nc4
28. Bb3 Nge3 29. Nd6 b5 30. Bxc4 Bxc4 31. Nxc4 Nxc4 32. g4 a6 33. Ng3 Kg8 34.
Nf5 Qe6 35. Rc2 a5 36. g3 Kf8 37. Qb7 Qd7 38. Qa6 Qe6 39. Qxb5 Na3 40. Qc5+ Kg8
41. Rch2 Qc4 42. Nxh6+ Rxh6 43. Rxh6 Nc2+ 44. Kf2 Qxd4+ 45. Qxd4 Rxd4 46. R6h5
Rd2+ 47. Kf3 Rd3+ 48. Ke2 Ra3 49. Rxg5+ Kf8 50. Rd1 Rxa2 51. Rd8+ Ke7 52. Rgg8
f6 53. Rge8+ Kf7 54. e6+ Kg6 55. Rg8+ Kh6 56. Rh8+ Kg6 57. Rdg8# {
NEONbot checkmated} 1-0

[Event "ICS rated blitz match"]
[Site "204.178.125.65"]
[Date "1999.08.15"]
[Round "?"]
[White "counterplay"]
[Black "Hossa"]
[Result "1-0"]
[WhiteElo "2826"]
[BlackElo "2480"]
[PlyCount "116"]
[EventDate "1999.??.??"]

1. e4 c5 2. Nf3 e6 3. d4 cxd4 4. Nxd4 e5 5. Nb5 a6 6. Nd6+ Bxd6 7. Qxd6 Nc6 8.
Nc3 Qf6 9. Qxf6 Nxf6 10. Bg5 Nd4 11. Bd3 Nh5 12. Nd5 Ne6 13. Be7 Nhf4 14. Bd6
Nxd5 15. exd5 Nf4 16. Bxe5 Nxd3+ 17. cxd3 O-O 18. Kd2 b5 19. Kc3 Bb7 20. Kd4
Rfe8 21. Rhe1 Rac8 22. Bd6 g5 23. Rac1 Rxe1 24. Rxe1 Ra8 25. Re7 Bc8 26. Be5 h6
27. Re8+ Kh7 28. f4 f6 29. Bxf6 gxf4 30. Be5 h5 31. Rh8+ Kg6 32. Bxf4 Bb7 33.
Rh6+ Kf5 34. Be3 Kg4 35. Rg6+ Kf5 36. Rg5+ Kf6 37. Rxh5 Rg8 38. g3 Rg7 39. Bf4
Rg8 40. h4 Bc8 41. Re5 Kf7 42. h5 d6 43. Re1 Rd8 44. Rf1 Bh3 45. Rc1 a5 46. Rc6
Rh8 47. h6 Bg4 48. Rc7+ Ke8 49. Rb7 Kd8 50. Ra7 Bc8 51. h7 b4 52. Rg7 Rxh7 53.
Rxh7 Bd7 54. Bxd6 Kc8 55. Bc5 Kc7 56. Bb6+ Kxb6 57. Rxd7 a4 58. g4 58... a3 {
Hossa resigns} 1-0

[Event "ICS rated blitz match"]
[Site "204.178.125.65"]
[Date "1999.08.15"]
[Round "?"]
[White "Hossa"]
[Black "bookbuilder"]
[Result "0-1"]
[WhiteElo "2474"]
[BlackElo "2752"]
[PlyCount "90"]
[EventDate "1999.??.??"]

1. d4 Nf6 2. c4 e6 3. Nc3 Bb4 4. Bg5 c5 5. d5 O-O 6. e3 d6 7. Nge2 exd5 8. cxd5
Qe7 9. a3 Ba5 10. Qa4 Bd8 11. e4 Nbd7 12. Qc2 h6 13. Bh4 Ne5 14. f3 Bd7 15.
O-O-O b5 16. Bxf6 Qxf6 17. Na2 Rb8 18. Kb1 b4 19. axb4 cxb4 20. Qd2 a5 21. f4
Nc4 22. Qd4 Ba4 23. Re1 Rc8 24. g3 Re8 25. Bg2 Qxd4 26. Nxd4 Bf6 27. Nc6 Bxc6
28. dxc6 b3 29. Nc3 Bxc3 30. bxc3 Red8 31. e5 dxe5 32. Re2 exf4 33. gxf4 a4 34.
Rhe1 a3 35. Re7 Rd2 36. Re8+ Rxe8 37. Rxe8+ Kh7 38. Bf3 Rb2+ 39. Kc1 a2 40.
Be4+ g6 41. Ra8 Rd2 42. Bxg6+ Kxg6 43. Rxa2 bxa2 44. f5+ Kh5 45. f6 45... a1=Q#
{Hossa checkmated} 0-1

[Event "ICS rated blitz match"]
[Site "204.178.125.65"]
[Date "1999.08.15"]
[Round "?"]
[White "Hossa"]
[Black "KillerGrob"]
[Result "0-1"]
[WhiteElo "2469"]
[BlackElo "2797"]
[PlyCount "114"]
[EventDate "1999.??.??"]

1. d4 d5 2. c4 e6 3. Nc3 Nf6 4. cxd5 exd5 5. Bg5 Be7 6. Qa4+ c6 7. e3 O-O 8.
O-O-O Bg4 9. f3 Bc8 10. Bd3 Nbd7 11. g4 c5 12. Nge2 h6 13. Bf4 cxd4 14. exd4
Nb6 15. Qa5 Bd6 16. Be5 Be6 17. Rhe1 Bxe5 18. dxe5 Nfd7 19. f4 Bxg4 20. Nxd5
Rc8+ 21. Ndc3 a6 22. Qb4 Bf3 23. Qd4 Qe7 24. Qf2 Bc6 25. Rg1 Rfe8 26. Qg3 Qf8
27. Qh4 Kh8 28. Qh5 Ba4 29. Rd2 Nc5 30. Kb1 Bd7 31. Rg3 Qe7 32. Nd4 Nxd3 33.
Rgxd3 a5 34. Nf3 Bc6 35. Ng5 Kg8 36. Nge4 Nc4 37. Rg2 Kf8 38. Qg4 g6 39. Qh3
Kg7 40. Rd1 Red8 41. Rxd8 Qxd8 42. a3 Nxe5 43. Rd2 Nd7 44. Nd6 Rb8 45. Rd3 b5
46. Qg4 b4 47. axb4 axb4 48. Ne2 Qc7 49. Nf5+ Kh7 50. Nd6 Nc5 51. Rd4 Rd8 52.
f5 Rxd6 53. Qf4 Rxd4 54. fxg6+ Kxg6 55. Qxc7 Be4+ 56. Ka2 b3+ 57. Ka3 57...
Ra4# {Hossa checkmated} 0-1

[Event "ICS rated blitz match"]
[Site "204.178.125.65"]
[Date "1999.08.15"]
[Round "?"]
[White "KillerGrob"]
[Black "Hossa"]
[Result "1-0"]
[WhiteElo "2801"]
[BlackElo "2465"]
[PlyCount "60"]
[EventDate "1999.??.??"]

1. e4 c5 2. Nf3 e6 3. d4 cxd4 4. Nxd4 e5 5. Nb5 a6 6. Nd6+ Bxd6 7. Qxd6 Nc6 8.
Nd2 f5 9. exf5 Qg5 10. Nc4 Qxf5 11. Qc7 Qe4+ 12. Be3 Kf8 13. Nb6 Qb4+ 14. c3
Qxb2 15. Rc1 Rb8 16. Nxc8 Nf6 17. Bc4 Qa3 18. O-O h6 19. Qb6 d6 20. Nxd6 Qa5
21. Qb1 b5 22. Qg6 Nd8 23. Nb7 Qc7 24. Bc5+ Qxc5 25. Nxc5 bxc4 26. Rfd1 Rg8 27.
Nd7+ Ke7 28. Nxf6 gxf6 29. Qxg8 a5 30. Rb1 30... Rxb1 {Hossa resigns} 1-0

[Event "ICS rated blitz match"]
[Site "204.178.125.65"]
[Date "1999.08.15"]
[Round "?"]
[White "Hossa"]
[Black "knightmare51"]
[Result "1-0"]
[WhiteElo "2461"]
[BlackElo "2145"]
[PlyCount "79"]
[EventDate "1999.??.??"]

1. e4 c5 2. Nf3 d6 3. d4 cxd4 4. Qxd4 Nf6 5. Bg5 Nc6 6. Qa4 Qa5+ 7. Qxa5 Nxa5
8. Bxf6 gxf6 9. Bb5+ Nc6 10. Nd4 Bd7 11. Ne2 a6 12. Bxc6 bxc6 13. Nbc3 Rb8 14.
O-O-O e6 15. f4 c5 16. g4 Be7 17. Rd2 O-O 18. h4 Rb7 19. b3 a5 20. Rhd1 Bc6 21.
a4 Rfb8 22. f5 Rb4 23. Ng3 c4 24. Rxd6 Bxd6 25. Rxd6 cxb3 26. Rxc6 bxc2 27. Rc5
Rb1+ 28. Kxc2 R8b2+ 29. Kd3 Rg1 30. Rc8+ Kg7 31. Nh5+ Kh6 32. Nxf6 e5 33. Rg8
Rg3+ 34. Kc4 Rb4+ 35. Kd5 Rd3+ 36. Kxe5 Rd5+ 37. Ncxd5 Rxe4+ 38. Kd6 Re6+ 39.
fxe6 fxe6 40. g5# {knightmare51 checkmated} 1-0

[Event "ICS rated blitz match"]
[Site "204.178.125.65"]
[Date "1999.08.15"]
[Round "?"]
[White "kamo"]
[Black "Hossa"]
[Result "1-0"]
[WhiteElo "2232"]
[BlackElo "2465"]
[PlyCount "167"]
[EventDate "1999.??.??"]

1. e4 c5 2. d3 d5 3. Nc3 d4 4. Nce2 e5 5. g3 f5 6. Bg2 fxe4 7. Bxe4 Nf6 8. Bg2
Bd6 9. Nf3 O-O 10. Ng5 Nc6 11. O-O h6 12. Ne4 Nxe4 13. Bxe4 Bg4 14. f3 Bh3 15.
Rf2 Kh8 16. Kh1 Qe7 17. Ng1 Bf5 18. Bxf5 Rxf5 19. Qe2 Raf8 20. Bd2 h5 21. Raf1
Qf7 22. Qe4 Qxa2 23. Bc1 a6 24. Kg2 Qf7 25. h3 Nb4 26. g4 hxg4 27. hxg4 Rf6 28.
Nh3 Qd7 29. Ng5 Rh6 30. Rh1 Na2 31. Nf7+ Rxf7 32. Bxh6 gxh6 33. Rxh6+ Rh7 34.
Rxh7+ Qxh7 35. Qd5 Be7 36. Qxa2 Qg8 37. Qxg8+ Kxg8 38. b3 Kh7 39. Rf1 Bg5 40.
Re1 Bf4 41. Ra1 Bd2 42. Kf2 Kg6 43. Ke2 Bg5 44. Ra5 Be7 45. b4 cxb4 46. Rxe5
Bf8 47. Rd5 Bg7 48. f4 Bf6 49. Rd7 b6 50. Rd6 Kg7 51. Rxb6 a5 52. Ra6 Bd8 53.
Kf3 Kf7 54. Ke4 Ke7 55. Kxd4 Ke8 56. Ke5 Kd7 57. Ra7+ Kc8 58. Kd6 Bb6 59. Rh7
Be3 60. f5 Bd4 61. Kc6 Bb2 62. g5 Kd8 63. f6 Ke8 64. Ra7 Bd4 65. Rxa5 Kf7 66.
Kd5 Bc3 67. Rb5 Kg6 68. Ke4 Ba1 69. Kf3 Bc3 70. Kg4 Bd2 71. Rd5 Kf7 72. Rd7+
Ke8 73. Rb7 b3 74. cxb3 Bc1 75. Kf5 Bb2 76. g6 Bxf6 77. Kxf6 Kd8 78. Ke6 Kc8
79. Rh7 Kb8 80. Kd6 Kc8 81. Rg7 Kb8 82. Kc6 Ka8 83. Kb6 Kb8 84. Rg8# {
Hossa checkmated} 1-0

[Event "ICS rated blitz match"]
[Site "204.178.125.65"]
[Date "1999.08.15"]
[Round "?"]
[White "Njall"]
[Black "Hossa"]
[Result "0-1"]
[WhiteElo "2122"]
[BlackElo "2440"]
[PlyCount "80"]
[EventDate "1999.??.??"]

1. d4 Nf6 2. c4 e6 3. Nc3 d5 4. Bf4 Bd6 5. Bg3 b6 6. e3 Bxg3 7. hxg3 Ba6 8.
cxd5 Bxf1 9. Kxf1 exd5 10. Qc2 c5 11. Nf3 Nc6 12. Rd1 O-O 13. g4 cxd4 14. Nxd4
Nxd4 15. Rxd4 Qc7 16. Qf5 Rfe8 17. g5 Re5 18. Qf4 Ne4 19. Rxd5 Qc4+ 20. Kg1
Rxd5 21. Nxe4 Qc1+ 22. Kh2 Qxb2 23. Qh4 Qe5+ 24. g3 Re8 25. f3 Qb2+ 26. Kh3 Qe2
27. Qf4 Rd3 28. Nd6 Rf8 29. Nf5 Qxa2 30. Kg4 Qe6 31. Kh4 Rc8 32. e4 a6 33. g4
Rcd8 34. Kg3 Rd2 35. Ne3 Re2 36. Nd5 Kh8 37. g6 Qxg6 38. Ne7 Qe6 39. Qg5 Qd6+
40. e5 40... Rxe5 {Njall resigns} 0-1

[Event "ICS rated blitz match"]
[Site "204.178.125.65"]
[Date "1999.08.15"]
[Round "?"]
[White "Hossa"]
[Black "Njall"]
[Result "1-0"]
[WhiteElo "2444"]
[BlackElo "2118"]
[PlyCount "68"]
[EventDate "1999.??.??"]

1. d4 Nf6 2. c4 g6 3. Nc3 Bg7 4. e4 d6 5. f3 O-O 6. Be3 c6 7. Qd2 a6 8. h4 h5
9. Bd3 Nbd7 10. Bh6 b5 11. Bxg7 Kxg7 12. Nge2 e5 13. Rb1 Bb7 14. cxb5 axb5 15.
a3 Qe7 16. Qg5 Rfe8 17. O-O Nh7 18. Qg3 Qf6 19. d5 cxd5 20. Bxb5 Red8 21. Nxd5
Bxd5 22. exd5 Rab8 23. Nc3 Nb6 24. b3 Qe7 25. Kh1 Nf6 26. Bc6 Nbd7 27. f4 exf4
28. Rxf4 Ng4 29. Bxd7 Rxd7 30. Re1 Qd8 31. b4 Rc7 32. Ne4 Rb6 33. Ng5 Ne5 34.
Rxf7+ 34... Rxf7 {Njall resigns} 1-0

[Event "ICS rated blitz match"]
[Site "204.178.125.65"]
[Date "1999.08.15"]
[Round "?"]
[White "Njall"]
[Black "Hossa"]
[Result "1-0"]
[WhiteElo "2114"]
[BlackElo "2448"]
[PlyCount "137"]
[EventDate "1999.??.??"]

1. d4 Nf6 2. c4 e6 3. Nc3 d5 4. Bf4 Bd6 5. Bg3 b6 6. e3 Bxg3 7. hxg3 Ba6 8.
cxd5 Bxf1 9. Kxf1 exd5 10. Nf3 c5 11. Qc2 Nc6 12. Rd1 O-O 13. g4 cxd4 14. Nxd4
Nxd4 15. Rxd4 Rc8 16. Qd2 Qc7 17. Kg1 Rfd8 18. g3 Qe5 19. Qd3 h6 20. Kg2 Qe6
21. Rh4 Rd7 22. Qf5 Rc5 23. Rh1 Rdc7 24. Rhd1 g6 25. Qf4 g5 26. Qf5 Rd7 27.
R1d2 a5 28. Na4 Rc6 29. Nc3 Rcd6 30. Qd3 Ne4 31. Nxe4 dxe4 32. Rxd6 exd3 33.
Rxe6 fxe6 34. Kf3 a4 35. Ke4 b5 36. Rxd3 Rc7 37. Rd2 Kf7 38. Kd3 Rc1 39. Rc2
Ra1 40. a3 Rd1+ 41. Kc3 Kg6 42. Rd2 Rxd2 43. Kxd2 h5 44. gxh5+ Kxh5 45. f3 g4
46. f4 e5 47. Kd3 Kg6 48. Ke4 exf4 49. Kxf4 Kf6 50. Kxg4 Kg6 51. e4 Kf6 52. Kf4
Ke6 53. g4 Kf6 54. g5+ Ke6 55. e5 Ke7 56. Kf5 Kf7 57. g6+ Ke7 58. e6 Kf8 59.
Kf6 Ke8 60. g7 Kd8 61. g8=Q+ Kc7 62. Qe8 Kb6 63. Qd7 Kc5 64. e7 b4 65. e8=Q b3
66. Qe5+ Kb6 67. Qdd6+ Kb7 68. Qee7+ Kc8 69. Qdd8# {Hossa checkmated} 1-0